| 000 | 00352nam a2200157Ia 4500 | ||
|---|---|---|---|
| 100 | _aAgrawal / A.N | ||
| 650 | _aEconomics | ||
| 250 | _a28 | ||
| 942 | _cBK | ||
| 654 | _aindian | ||
| 245 | _aIndian Economy:Problems of Development and planning | ||
| 260 |
_bWishwa _aNew Delhi _c2002 |
||
| 082 |
_a338.9 _bAGR |
||
| 300 | _a792 | ||
| 546 | _aENGLISH | ||
| 999 |
_c23226 _d23226 |
||